[Event "SVK ECo-C Extraliga 2021-22"]
[Site "Slovakia"]
[Date "2022.02.20"]
[Round "4.6"]
[White "Csonka Attila Istvan"]
[Black "Bombek Peter"]
[Result "1/2-1/2"]
[WhiteElo "2334"]
[BlackElo "2090"]
[Annotator "ChessBase"]
[PlyCount "60"]
[EventDate "2021.10.21"]
[EventType "team-tourn"]
[EventCountry "SVK"]
[SourceTitle "playchess.com"]
[Source "ChessBase"]
[SourceQuality "1"]
[TimeControl "40/5400+30:1800+30"]

1. e4 {[%emt 0:00:05]} e6 {[%emt 0:00:17]} 2. d4 {[%emt 0:00:05]} d5 {[%emt 0:00:03]} 3. Nd2 {[%emt 0:00:08]} c5 {[%emt 0:00:07]} 4. Ngf3 {[%emt 0:00:36]} Nc6 {[%emt 0:00:05]} 5. Bb5 {[%emt 0:01:16]} cxd4 {[%emt 0:00:50]} 6. Nxd4 {[%emt 0:01:06]} Bd7 {[%emt 0:00:16]} 7. Nxc6 {[%emt 0:00:33]} Bxc6 {[%emt 0:00:09]} 8. Bxc6+ {[%emt 0:00:12]} bxc6 {[%emt 0:00:01]} 9. c4 {[%emt 0:01:43]} Nf6 {[%emt 0:00:20]} 10. O-O {[%emt 0:04:25]} Be7 {[%emt 0:01:58]} 11. Qe2 {[%emt 0:04:58]} O-O {[%emt 0:04:41]} 12. b3 {[%emt 0:11:53]} dxe4 {[%emt 0:07:45]} 13. Nxe4 {[%emt 0:00:49]} Qd4 {[%emt 0:00:27]} 14. Nxf6+ {[%emt 0:00:08]} Bxf6 {[%emt 0:00:31]} 15. Rb1 {[%emt 0:00:05]} Rfd8 {[%emt 0:03:02]} 16. Be3 {[%emt 0:01:49]} Qe4 {[%emt 0:01:29]} 17. Rbd1 {[%emt 0:03:39]} a6 {[%emt 0:02:23]} 18. f3 {[%emt 0:02:55]} Qe5 {[%emt 0:02:12]} 19. Qf2 {[%emt 0:01:12]} Rxd1 {[%emt 0:14:18]} 20. Rxd1 {[%emt 0:00:19]} Rd8 {[%emt 0:00:08]} 21. Rxd8+ {[%emt 0:00:39]} Bxd8 {[%emt 0:00:01]} 22. Bd4 {[%emt 0:00:28]} Qf5 {[%emt 0:06:53]} 23. Qe2 {[%emt 0:04:59]} Qb1+ {[%emt 0:04:53]} 24. Kf2 {[%emt 0:00:20]} Bc7 {[%emt 0:01:21]} 25. Qb2 {[%emt 0:03:53]} Qh1 {[%emt 0:06:05]} 26. Be5 {[%emt 0:07:28]} Bb6+ {[%emt 0:00:49]} 27. Bd4 {[%emt 0:01:25]} Bc7 {[%emt 0:00:47]} 28. Be5 {[%emt 0:00:29]} Bb6+ {[%emt 0:00:04]} 29. Bd4 {[%emt 0:00:24]} Bc7 {[%emt 0:00:06]} 30. Be5 {[%emt 0:00:07]} Bb6+ {[%emt 0:00:05]} 1/2-1/2

[Event "SVK ECo-C Extraliga 2021-22"]
[Site "Slovakia"]
[Date "2022.02.20"]
[Round "4.6"]
[White "Lanc, Alois"]
[Black "Straka, Jozef"]
[Result "0-1"]
[WhiteElo "2309"]
[BlackElo "2320"]
[Annotator "ChessBase"]
[PlyCount "72"]
[EventDate "2021.10.21"]
[EventType "team-tourn"]
[EventCountry "SVK"]
[SourceTitle "playchess.com"]
[Source "ChessBase"]
[SourceQuality "1"]
[TimeControl "40/5400+30:1800+30"]

1. e4 {[%emt 0:00:02]} c6 {[%emt 0:00:55]} 2. d4 {[%emt 0:01:07]} d5 {[%emt 0:00:05]} 3. Nc3 {[%emt 0:00:31]} dxe4 {[%emt 0:00:06]} 4. Nxe4 {[%emt 0:00:04]} Nf6 {[%emt 0:00:05]} 5. Nxf6+ {[%emt 0:00:16]} exf6 {[%emt 0:00:07]} 6. c3 {[%emt 0:00:32]} Bd6 {[%emt 0:00:14]} 7. Bd3 {[%emt 0:00:17]} O-O {[%emt 0:00:09]} 8. Qc2 {[%emt 0:01:33]} Re8+ {[%emt 0:00:06]} 9. Ne2 {[%emt 0:00:34]} h5 {[%emt 0:00:18]} 10. Bd2 {[%emt 0:03:53]} Nd7 {[%emt 0:04:48]} 11. O-O-O {[%emt 0:01:04]} Nf8 {[%emt 0:01:46]} 12. Kb1 {[%emt 0:08:07]} Be6 {[%emt 0:01:42]} 13. Ng3 {[%emt 0:06:29]} g6 {[%emt 0:17:23]} 14. Ne4 {[%emt 0:06:57]} b5 {[%emt 0:06:56]} 15. h3 {[%emt 0:06:36]} Be7 {[%emt 0:16:56]} 16. f3 {[%emt 0:13:04]} f5 {[%emt 0:10:00]} 17. Nf2 {[%emt 0:03:20]} Qd5 {[%emt 0:05:19]} 18. b3 {[%emt 0:01:39]} h4 {[%emt 0:03:35]} 19. Bc1 {[%emt 0:06:26]} a5 {[%emt 0:02:34]} 20. Rde1 {[%emt 0:07:30]} Bf6 {[%emt 0:01:25]} 21. Nd1 {[%emt 0:00:22]} b4 {[%emt 0:03:22]} 22. Bb2 {[%emt 0:09:07]} a4 {[%emt 0:04:48]} 23. Bc4 {[%emt 0:03:26]} axb3 {[%emt 0:01:00]} 24. Bxb3 Qd6 {[%emt 0:03:52]} 25. cxb4 {[%emt 0:05:20]} Qxb4 {[%emt 0:02:19]} 26. d5 {[%emt 0:01:11]} cxd5 {[%emt 0:08:13]} 27. Bxf6 {[%emt 0:00:19]} d4 {[%emt 0:00:01]} 28. Bxh4 {[%emt 0:10:09]} d3 29. Qxd3 Qxh4 30. Re2 Reb8 31. Nb2 Bxb3 32. axb3 Ra3 33. Rc1 Raxb3 34. Rc3 R3b7 35. Qd6 Qa4 36. Rec2 Ra8 0-1

[Event "SVK ECo-C Extraliga 2021-22"]
[Site "Slovakia"]
[Date "2022.02.20"]
[Round "4.7"]
[White "Schwarz, Dusan"]
[Black "Danada, Tomas"]
[Result "1/2-1/2"]
[WhiteElo "2301"]
[BlackElo "2337"]
[Annotator "ChessBase"]
[PlyCount "58"]
[EventDate "2021.10.21"]
[EventType "team-tourn"]
[EventCountry "SVK"]
[SourceTitle "playchess.com"]
[Source "ChessBase"]
[SourceQuality "1"]
[TimeControl "40/5400+30:1800+30"]

1. Nf3 {[%emt 0:00:07]} c5 {[%emt 0:00:12]} 2. c4 {[%emt 0:00:39]} Nf6 {[%emt 0:00:06]} 3. Nc3 {[%emt 0:00:17]} e6 {[%emt 0:00:29]} 4. g3 {[%emt 0:00:32]} b6 {[%emt 0:00:06]} 5. Bg2 {[%emt 0:00:16]} Bb7 {[%emt 0:00:03]} 6. O-O {[%emt 0:00:23]} Be7 {[%emt 0:00:05]} 7. Re1 {[%emt 0:01:02]} d5 {[%emt 0:00:23]} 8. cxd5 {[%emt 0:00:38]} exd5 {[%emt 0:00:03]} 9. d4 {[%emt 0:00:15]} Na6 {[%emt 0:04:31]} 10. b3 {[%emt 0:08:34]} O-O {[%emt 0:00:46]} 11. Bb2 {[%emt 0:00:19]} Re8 {[%emt 0:02:52]} 12. Rc1 {[%emt 0:02:43]} Bf8 {[%emt 0:05:51]} 13. e3 {[%emt 0:10:51]} Qd7 {[%emt 0:07:47]} 14. Ne5 {[%emt 0:17:18]} Qf5 {[%emt 0:01:35]} 15. g4 {[%emt 0:03:39]} Qe6 {[%emt 0:00:53]} 16. h3 {[%emt 0:05:27]} Nc7 {[%emt 0:09:49]} 17. Na4 {[%emt 0:04:16]} Bd6 {[%emt 0:02:38]} 18. f4 {[%emt 0:05:40]} cxd4 {[%emt 0:08:14]} 19. Bxd4 {[%emt 0:01:39]} Nb5 {[%emt 0:05:10]} 20. Nc3 {[%emt 0:09:25]} Nxc3 {[%emt 0:07:29]} 21. Bxc3 {[%emt 0:00:31]} Ne4 {[%emt 0:00:57]} 22. Bd4 {[%emt 0:04:09]} Rac8 {[%emt 0:01:55]} 23. Re2 {[%emt 0:02:10]} Rxc1 {[%emt 0:10:15]} 24. Qxc1 {[%emt 0:00:18]} f6 {[%emt 0:01:39]} 25. Nf3 {[%emt 0:06:30]} Ba6 {[%emt 0:01:50]} 26. Rc2 {[%emt 0:00:14]} Bd3 {[%emt 0:00:33]} 27. Rc6 {[%emt 0:00:24]} Bb5 {[%emt 0:00:05]} 28. Rc2 {[%emt 0:00:09]} Bd3 {[%emt 0:02:31]} 29. Rc6 {[%emt 0:00:07]} Bb5 {[%emt 0:00:06]} 1/2-1/2

[Event "SVK ECo-C Extraliga 2021-22"]
[Site "Slovakia"]
[Date "2022.02.20"]
[Round "4.7"]
[White "Kopera, Michal"]
[Black "Briestensky, Rastislav"]
[Result "1-0"]
[WhiteElo "2124"]
[BlackElo "2312"]
[Annotator "TA"]
[PlyCount "114"]
[EventDate "2021.10.21"]
[EventType "team-tourn"]
[EventCountry "SVK"]
[SourceTitle "playchess.com"]
[Source "ChessBase"]
[SourceQuality "1"]

{[%evp 18,114,37,14,18,30,101,44,54,50,55,15,14,26,29,32,44,16,22,-52,-52,-90,-85,-74,-84,-70,-55,-83,-20,-184,-189,-254,-174,-165,-143,-216,-87,-112,-111,-141,-119,-124,-118,-112,-97,-117,-87,-90,-100,-85,-79,-89,-79,-79,-76,-76,-76,-76,-76,-76,-15,-76,-41,-76,-76,-83,0,-83,0,0,0,0,0,0,0,0,0,0,1,1,3,6,6,6,6,9,37,44,491,0,0,0,0,0,0,0,0,0,-11]} 1. e4 e5 2. Nf3 Nc6 3. Bb5 a6 4. Ba4 Nge7 5. c3 d6 6. d4 Bd7 7. O-O Ng6 8. Be3 Be7 9. Nbd2 O-O 10. Re1 b5 {C75: Ruy Lopez: Deferred Steinitz: 5 c3 Bd7 6 d4 without ...g6.} 11. Bc2 {[#]} Kh8 $146 (11... exd4 $11 12. Nxd4 Bg5) ({Predecessor:} 11... exd4 12. Nxd4 Rb8 13. Nxc6 Bxc6 14. Nf3 Re8 15. Qd2 Bf6 16. Ba7 Rb7 17. Bd4 a5 18. Rad1 {½-½ (44) Henderson de la Fuente,L (2429)-Rapport,R (2700) Caleta 2018}) 12. Nf1 (12. d5 $16) 12... Bf6 {White is slightly better.} 13. d5 Na5 14. Ng3 Nc4 15. Bc1 Nb6 {Prevents a4.} 16. b3 Nh4 17. Qd3 Nxf3+ 18. gxf3 (18. Qxf3 $11 Bg5 19. h3) 18... Bg5 $15 19. Bxg5 Qxg5 20. Qe3 Qh4 {[%cal Of7f5] aiming for ...f5!} 21. c4 bxc4 22. bxc4 f5 (22... Nxc4 23. Qc3 $16) ({Black should play} 22... Bh3 $17) 23. Qc3 $2 (23. exf5 $11 {and White has nothing to worry.} Qxc4 24. Bb3) 23... f4 $19 {Hoping for ...Rf6.} 24. Nf5 (24. c5 $142) 24... Bxf5 25. exf5 Nd7 26. Qa5 {[#]} (26. Kg2 $17 {was called for.}) 26... Qd8 (26... Qh3 $1 $19 {and Black stays clearly on top. And now ...Rf6 would win.} 27. Qxc7 Nf6) 27. Kf1 Nc5 28. Ke2 Rb8 29. Rab1 Rb6 30. Rg1 Qb8 31. Qc3 Rf6 32. a3 Rf8 33. Rb4 Qa7 34. Rgb1 Rfb8 35. Qe1 {[%cal Of5f6]} a5 36. Rb5 Rxb5 37. Rxb5 Rxb5 38. cxb5 Kg8 (38... Qa8 $17) 39. a4 (39. f6 $1 $11 {keeps the balance.} g6 40. h4) 39... Kf7 40. h4 {[%cal Of5f6,Bh2h4,Bh4h5][%mdl 32]} Nd7 41. Be4 Nc5 42. Bc2 {[%cal Of5f6]} Nb7 (42... Qa8 $17) 43. f6 $11 g6 44. h5 {hxg6+ would kill now.} Qc5 45. Qb1 {[%cal Rh5g6]} Kxf6 46. Bxg6 Qc4+ (46... Qxd5 $2 47. Qf5+ (47. Bxh7 Qc4+ 48. Bd3 Qe6 $14) 47... Ke7 48. Qg5+ Kd7 49. Bxh7 $18) 47. Bd3 Qxd5 48. Bxh7 Qc4+ 49. Bd3 Qe6 50. b6 cxb6 51. Qxb6 Nc5 (51... e4 $5 52. Bxe4 (52. Qxb7 Qa2+ 53. Kf1 exd3 $14) (52. fxe4 Nc5 $14) 52... Nc5 $14) 52. Qd8+ Kf7 $2 {[%mdl 8192] [#]} (52... Qe7 $1 $14 53. Qxa5 Nxd3 54. Kxd3 Qh7+ 55. Ke2 Qxh5) 53. Qc7+ $2 (53. Bg6+ $1 $18 Kg7 54. Qg5 (54. Qxa5 $2 Qc4+ 55. Kd1 Nb3 $19)) 53... Qd7 {The position is equal.} 54. Bg6+ Kg7 55. Qxa5 {Black must now prevent Qb5.} Qxa4 56. Qd8 {Intending Qg5 and mate.} Qc4+ 57. Ke1 {Threatens to win with Qe7+. Chess con chili.} Qc1+ {[%mdl 32768] White used his chance.  Weighted Error Value: White=0.28 (precise) /Black=0.31. Loss on time!?} 1-0

[Event "SVK ECo-C Extraliga 2021-22"]
[Site "Slovakia"]
[Date "2022.02.20"]
[Round "4.7"]
[White "Rucek Kristian"]
[Black "Finek Vaclav"]
[Result "0-1"]
[WhiteElo "2109"]
[BlackElo "2419"]
[Annotator "ChessBase"]
[PlyCount "76"]
[EventDate "2021.10.21"]
[EventType "team-tourn"]
[EventCountry "SVK"]
[SourceTitle "playchess.com"]
[Source "ChessBase"]
[SourceQuality "1"]
[TimeControl "40/5400+30:1800+30"]

1. d4 {[%emt 0:00:05]} Nf6 {[%emt 0:00:05]} 2. c4 {[%emt 0:00:03]} g6 {[%emt 0:00:06]} 3. Nc3 {[%emt 0:00:04]} d5 {[%emt 0:00:04]} 4. Nf3 {[%emt 0:00:04]} Bg7 {[%emt 0:00:05]} 5. Qb3 {[%emt 0:00:08]} dxc4 {[%emt 0:00:10]} 6. Qxc4 {[%emt 0:00:02]} O-O {[%emt 0:00:37]} 7. e4 {[%emt 0:00:07]} Nfd7 {[%emt 0:01:01]} 8. Be3 {[%emt 0:00:11]} Nb6 {[%emt 0:00:14]} 9. Qb3 {[%emt 0:00:07]} Bg4 {[%emt 0:01:15]} 10. Rd1 {[%emt 0:00:23]} Nc6 {[%emt 0:00:55]} 11. d5 {[%emt 0:00:06]} Ne5 {[%emt 0:00:04]} 12. Be2 {[%emt 0:00:06]} Nxf3+ {[%emt 0:03:15]} 13. gxf3 {[%emt 0:00:08]} Bh5 {[%emt 0:00:04]} 14. Kf1 {[%emt 0:00:10]} Qd6 {[%emt 0:11:17]} 15. Kg2 {[%emt 0:05:09]} Be5 {[%emt 0:06:51]} 16. h4 {[%emt 0:04:28]} a6 {[%emt 0:18:27]} 17. Rd3 {[%emt 0:24:09]} Kh8 {[%emt 0:03:31]} 18. Bh6 {[%emt 0:06:39]} Rg8 {[%emt 0:03:03]} 19. Bd1 {[%emt 0:07:37]} g5 {[%emt 0:14:26]} 20. hxg5 {[%emt 0:25:43]} Qxh6 {[%emt 0:00:13]} 21. f4 {[%emt 0:00:05]} Bxf4 {[%emt 0:00:29]} 22. Rxh5 {[%emt 0:00:17]} Rxg5+ {[%emt 0:00:06]} 23. Rxg5 {[%emt 0:00:06]} Qxg5+ {[%emt 0:00:39]} 24. Kf1 {[%emt 0:00:12]} Rg8 {[%emt 0:00:42]} 25. Bf3 {[%emt 0:00:33]} Nd7 {[%emt 0:01:47]} 26. Ne2 {[%emt 0:04:36]} Ne5 {[%emt 0:03:21]} 27. Rd1 {[%emt 0:00:12]} Rg6 {[%emt 0:06:32]} 28. Nd4 {[%emt 0:02:04]} b5 {[%emt 0:08:54]} 29. Qc3 {[%emt 0:01:10]} Qf6 {[%emt 0:02:21]} 30. Ke2 {[%emt 0:04:24]} Nc4 {[%emt 0:03:22]} 31. b3 {[%emt 0:04:01]} Nd6 {[%emt 0:00:47]} 32. Qc2 {[%emt 0:03:23]} Be5 {[%emt 0:05:14]} 33. Nc6 {[%emt 0:00:01]} Rg5 {[%emt 0:00:16]} 34. Rh1 {[%emt 0:00:59]} b4 {[%emt 0:01:57]} 35. Rh3 {[%emt 0:04:12]} Nb5 {[%emt 0:00:14]} 36. Qd3 {[%emt 0:01:30]} Rg1 {[%emt 0:02:41]} 37. Rh5 {[%emt 0:03:04]} Nc3+ {[%emt 0:00:16]} 38. Kd2 {[%emt 0:00:04]} Bf4+ {[%emt 0:00:05]} 0-1

[Event "SVK ECo-C Extraliga 2021-22"]
[Site "Slovakia"]
[Date "2022.02.20"]
[Round "4.8"]
[White "Farkas Gabor"]
[Black "Kovacik Emil"]
[Result "1-0"]
[WhiteElo "2337"]
[BlackElo "2039"]
[Annotator "ChessBase"]
[PlyCount "59"]
[EventDate "2021.10.21"]
[EventType "team-tourn"]
[EventCountry "SVK"]
[SourceTitle "playchess.com"]
[Source "ChessBase"]
[SourceQuality "1"]
[TimeControl "40/5400+30:1800+30"]

1. e4 {[%emt 0:00:05]} e5 {[%emt 0:01:20]} 2. Nf3 {[%emt 0:00:09]} Nc6 {[%emt 0:00:09]} 3. d4 {[%emt 0:00:15]} exd4 {[%emt 0:00:22]} 4. Nxd4 {[%emt 0:00:08]} Nf6 {[%emt 0:00:08]} 5. Nxc6 {[%emt 0:00:40]} bxc6 {[%emt 0:01:19]} 6. Qe2 {[%emt 0:06:07]} Qe7 {[%emt 0:05:59]} 7. Nc3 {[%emt 0:03:03]} d5 {[%emt 0:00:36]} 8. exd5 {[%emt 0:03:43]} cxd5 {[%emt 0:02:52]} 9. Nb5 {[%emt 0:02:31]} Be6 {[%emt 0:04:15]} 10. Bf4 {[%emt 0:01:55]} Qb4+ {[%emt 0:02:39]} 11. Qd2 {[%emt 0:16:02]} Qxd2+ {[%emt 0:01:08]} 12. Kxd2 {[%emt 0:06:33]} Ne4+ {[%emt 0:02:31]} 13. Ke1 {[%emt 0:01:00]} Bc5 {[%emt 0:12:32]} 14. Nxc7+ {[%emt 0:01:46]} Ke7 {[%emt 0:01:07]} 15. Nxa8 {[%emt 0:07:40]} Nxf2 {[%emt 0:03:31]} 16. b4 {[%emt 0:02:22]} Bd4 {[%emt 0:13:17]} 17. c3 {[%emt 0:00:15]} Bxc3+ {[%emt 0:02:20]} 18. Kxf2 {[%emt 0:00:08]} Bxa1 {[%emt 0:00:06]} 19. Nc7 {[%emt 0:00:30]} Bc3 {[%emt 0:01:01]} 20. a3 {[%emt 0:01:46]} Bd4+ {[%emt 0:03:29]} 21. Be3 {[%emt 0:06:33]} Be5 {[%emt 0:03:52]} 22. Bc5+ {[%emt 0:01:11]} Kf6 {[%emt 0:00:22]} 23. Nxe6 {[%emt 0:00:38]} fxe6 {[%emt 0:01:24]} 24. Bd3 {[%emt 0:00:11]} Bb8 {[%emt 0:00:34]} 25. Rf1 {[%emt 0:00:57]} e5 {[%emt 0:00:56]} 26. Kg3+ {[%emt 0:03:17]} Kg5 {[%emt 0:01:24]} 27. Be3+ {[%emt 0:00:22]} Kh5 {[%emt 0:00:18]} 28. Kh3 {[%emt 0:08:55]} e4 {[%emt 0:00:28]} 29. Be2+ {[%emt 0:00:37]} Kg6 {[%emt 0:00:01]} 30. Bg4 {[%emt 0:00:29]} 1-0

[Event "SVK ECo-C Extraliga 2021-22"]
[Site "Slovakia"]
[Date "2022.02.20"]
[Round "4.8"]
[White "Zambor, Norbert"]
[Black "Federic, Jozef"]
[Result "1-0"]
[WhiteElo "2279"]
[BlackElo "2189"]
[Annotator "TA"]
[PlyCount "129"]
[EventDate "2021.10.21"]
[EventType "team-tourn"]
[EventCountry "SVK"]
[SourceTitle "playchess.com"]
[Source "ChessBase"]
[SourceQuality "1"]

{[%evp 14,129,33,32,37,11,31,12,40,0,6,13,88,97,113,106,143,151,164,154,151,154,164,159,156,147,145,146,153,154,154,147,226,117,203,132,139,133,127,133,129,125,116,49,182,124,125,125,125,104,133,133,140,125,125,125,125,125,125,125,143,143,143,143,143,143,143,143,220,220,220,220,220,220,220,220,220,220,220,143,143,143,220,220,220,220,220,220,220,220,220,220,220,143,220,220,220,220,5612,5472,1154,579,29979,29980,29980,29981,29981,29982,29982,29983,29983,29984,29984,29985,29985,29986,29986,29987]} 1. e4 c5 2. Nf3 e6 3. d4 cxd4 4. Nxd4 Nc6 5. Nc3 Qc7 6. Be3 a6 7. a3 {7.g4 gains popularity.} Nf6 8. f4 d6 {Prevents e5. B48: Sicilian: Taimanov: 5 Nc3 Qc7 6 Be3 a6 without Be2.} 9. Qe2 Be7 {[#]} 10. O-O-O $146 ({Predecessor:} 10. f5 Nxd4 11. Bxd4 e5 12. Bf2 Bd7 13. g4 h6 14. h4 Bc6 15. Bg2 Qa5 16. g5 hxg5 17. hxg5 Rxh1+ 18. Bxh1 {½-½ (66) Correia,A (1834)-Barbosa Lima,W (1783) Fortaleza 2010}) 10... O-O {The position is equal.} 11. g4 {[%cal Bg2g4,Bg4g5][%mdl 32] aiming for g5.} Nxd4 12. Rxd4 b5 (12... e5 $11 13. Rc4 Qd8) 13. g5 $16 Nd7 14. Rg1 $1 Nb6 15. Qf2 $1 d5 16. exd5 Nxd5 17. Rxd5 exd5 18. Nxd5 Qd6 19. Nxe7+ Qxe7 20. Bc5 Qc7 21. Bxf8 {White is more active.} Kxf8 22. Bd3 {To avoid Bf5} Be6 (22... Qa7 $16 {was worth a try.} 23. Qg3 g6) 23. Rd1 (23. Bxh7 $18 {Strongly threatening Re1.} Rc8 24. Re1) 23... Re8 (23... Rd8 $16 {is a better defense.}) 24. f5 Bc4 25. f6 Bxd3 26. Rxd3 {[%mdl 4096] Endgame KQR-KQR} Qe5 27. fxg7+ Kxg7 28. h4 (28. Qd4 $1 $16) 28... Re6 (28... Qe1+ $1 $14 29. Qxe1 Rxe1+ 30. Kd2 Re4) 29. Qd4 ({White should play} 29. Rd1 $18) 29... Qxd4 30. Rxd4 {KR-KR} h6 31. Rd5 hxg5 32. hxg5 Kg6 33. Kd2 {Inhibits Re1.} Rc6 34. b3 {[%cal Bb2b3,Bb3c4][%mdl 32]} f6 35. gxf6 Kxf6 36. Kd3 Ke6 {Prevents Rd7.} 37. c4 bxc4+ 38. bxc4 Rc8 39. Kc3 Rh8 40. Kb4 Rh6 (40... Rb8+ $16 41. Kc5 Rc8+ 42. Kd4 Rg8) 41. a4 $18 Ke7 42. Kc5 $1 Rg6 43. a5 Rh6 44. Rd3 Rg6 45. Rb3 {Black must now prevent Rb6.} Kd7 46. Rb7+ Kc8 47. Rb6 Rg5+ (47... Rg1 $16 48. Rxa6 Kb7 49. Rb6+ Kc7) 48. Kb4 Kc7 49. Rxa6 Rh5 50. Rg6 Rf5 51. Rb6 Rh5 52. Rb5 Rh1 53. Rg5 Kc6 (53... Rb1+ $16 54. Ka4 Rc1) 54. Rg6+ Kc7 55. Kb5 {Threatens to win with Rg7+.} Rh2 $2 (55... Rc1 56. Rh6 Rc2 57. Rc6+ Kb7 58. Rb6+ Kc7) 56. Rg7+ Kb8 57. Rg8+ Kc7 {[#]} 58. a6 $1 {[%cal Ba5a6,Ba6a7][%mdl 32] White mates.} Rb2+ 59. Kc5 Ra2 {[#]} 60. a7 $1 Ra5+ 61. Kb4 Rxa7 62. Rg7+ Kb8 63. Rxa7 Kxa7 64. Kc5 Kb7 65. Kd6 {Weighted Error Value: White=0.20 (precise) /Black=0.36} 1-0

[Event "SVK ECo-C Extraliga 2021-22"]
[Site "Slovakia"]
[Date "2022.02.20"]
[Round "4.8"]
[White "Petran, Peter"]
[Black "Stauder, Matej"]
[Result "1-0"]
[WhiteElo "2240"]
[BlackElo "2015"]
[Annotator "TA"]
[PlyCount "143"]
[EventDate "2021.10.21"]
[EventType "team-tourn"]
[EventCountry "SVK"]
[SourceTitle "playchess.com"]
[Source "ChessBase"]
[SourceQuality "1"]

{[%evp 9,143,-31,4,-31,-26,-20,24,-10,37,31,54,70,43,34,47,35,44,37,60,46,68,68,63,67,78,53,58,45,37,43,44,28,55,45,73,82,89,87,102,0,0,0,0,5,86,77,106,112,97,92,197,186,265,269,270,275,256,255,266,243,527,527,542,541,536,534,742,715,1390,1383,4947,5022,29978,4786,2209,2023,1621,1560,2247,2214,4727,360,366,370,356,358,324,321,284,0,268,227,411,412,391,259,391,400,385,391,501,484,763,780,776,731,937,925,1252,1247,1116,830,793,781,1080,1302,1089,1036,1387,1285,7080,1667,29972,4271,2103,1836,7930,5910,29968,29964,29989,29990,29990,29987,29986,29981]} 1. g3 d5 2. Bg2 e5 3. c4 c6 4. cxd5 cxd5 5. d3 Be6 6. Nf3 {A20: English Opening: 1...e5.} (6. d4 $5 {[%cal Rd4e5]}) 6... Nc6 7. O-O Bd6 {[#]} (7... Be7 {deserves consideration.}) 8. Nc3 $146 {White has an edge.} ({Predecessor:} 8. Ng5 Nf6 9. Nxe6 fxe6 10. Qb3 Qe7 11. Nc3 O-O 12. Bg5 h6 13. Bxf6 Rxf6 14. Bxd5 exd5 15. Nxd5 {0-1 (51) Ragnarsson,H (1527)-Danielsson,S (1763) Reykjavik 2016}) 8... Nge7 (8... h6 $11) 9. Ng5 $14 Qd7 10. Nxe6 fxe6 11. a3 O-O 12. b4 {[%cal Bb2b4,Bb4b5][%mdl 32]} Rae8 13. Bd2 Kh8 14. b5 Nd8 15. a4 b6 16. a5 Nb7 17. axb6 axb6 18. Ra7 Nc8 19. Ra2 Nc5 20. Qb1 Ne7 21. e3 {[%cal Be2e3,Be3d4][%mdl 32]} Ra8 22. d4 exd4 23. exd4 Nb7 24. Ra6 ({White should play} 24. Bh3 $1 $16) 24... Na5 $1 $11 25. Rd1 {[%cal Bf1d1,Bd1d2,Bd2a2][%mdl 32]} (25. Rxb6 Nc4 26. Rxd6 Qxd6 $17) 25... Nc4 26. Bf1 Nxd2 (26... Nf5 $11) 27. Rxd2 $16 Rfc8 {[#]} 28. Rda2 {White is more active.} Rab8 (28... Rxa6 $2 29. bxa6 Qc6 30. Nb5 $18) 29. Na4 $36 {[%mdl 2048] White is really pushing.} Qc7 (29... Bc7 $16) 30. Bh3 $18 Qc1+ (30... Qd8 $142 31. Bxe6 Rc4) 31. Qxc1 Rxc1+ 32. Kg2 Bc7 33. Bxe6 g6 34. Ra7 {[%cal Oa4c5] Hoping for Nc5!} Nf5 $2 (34... Bd6 {was worth a try.} 35. Rd7 Bb4 36. Bxd5 Nxd5) 35. Bxf5 gxf5 36. Re2 Rc8 37. Re7 f4 38. gxf4 {[%cal Bg3f4,Bf4f5,Bf5f6][%mdl 32]} Rc2 39. f5 {aiming for f6.} Kg8 40. f6 h6 {[#]} 41. Rd7 (41. Nxb6 $142 $1 {[%mdl 512]} Bxb6 42. Rg7+ Kf8 43. Raf7+ Ke8 44. Re7+ Kf8 45. Rh7 Rxf2+ 46. Kxf2 Bxd4+ 47. Ke2) 41... Bd8 42. Rg7+ Kf8 43. Rh7 {[%cal Rh7h8]} R8c7 44. Raxc7 Bxc7 {[%mdl 4096] Endgame [#] KRB-KRN} 45. Rh8+ $2 (45. Nc5 $1 {[%mdl 512] White threatens Ne6+ and mate.} bxc5 46. Rxc7) 45... Kf7 46. Rc8 {[%cal Oa4b6] Black must now prevent Nxb6!} (46. Rxh6 Bd8 47. Rh5 Bxf6 48. Rxd5 (48. Nxb6 Bxd4 49. Nxd5 Rxf2+ 50. Kg3 Rb2 $16) 48... Bh4 49. Nxb6 Rxf2+ 50. Kh3 Bf6 $18) 46... Rc4 47. Nb2 Rc1 48. Nd3 Rc4 {[%cal Oc7h2]} 49. Nb2 Rc1 50. Nd1 Kxf6 $2 (50... Rxd1 51. Rxc7+ Kxf6 52. Rc6+ Kf5 53. Rxb6 Rxd4 54. Rxh6 Rg4+ 55. Kf3 Rf4+ 56. Ke2 Re4+ 57. Kd3 Ke5) 51. Ne3 Ke6 52. Re8+ Kf7 (52... Kd7 $142 53. Rh8 Rb1 54. Rh7+ Kc8 55. Rxh6 Rxb5) 53. Rh8 ({Much less strong is} 53. Rc8 Ke6 54. h4 h5 55. Re8+ Kd7 $18) 53... Bf4 54. Nxd5 Bg5 55. f4 Kg7 (55... Bf6 $142) 56. Rb8 ({And not} 56. fxg5 Kxh8 57. gxh6 (57. Nxb6 hxg5 58. Nd7 Rb1 $11) 57... Rd1 $11) 56... Bh4 57. Kf3 Rf1+ 58. Ke4 Re1+ 59. Kf5 Bf2 60. Rb7+ Kf8 61. Rxb6 Bxd4 62. Rxh6 Rb1 63. b6 Kg7 64. Rc6 Rb2 65. h4 {Rc7+ would kill now.} Bf2 66. h5 (66. Rc7+ $142 Kf8 67. b7 Ba7 68. h5 Rh2 69. Rc8+ Kg7 70. Ra8 Rxh5+ 71. Kg4) 66... Rb5 67. Ke6 {Threatening mate with f5.} Kh6 68. f5 {[%cal Bf4f5,Bf5f6,Bf6f7][%mdl 32] Intending f6 and mate.} Kxh5 69. f6 {White mates.} Kg6 70. f7 Kg7 71. Rc8 Bc5 72. Rg8+ {Weighted Error Value: White=0.08 (flawless) /Black=0.50} 1-0